000 01102nam0a22003011 4500
001 RU\INFOCOMM_322\NLR\5000075381
005 20250613103640.0
010 _97730 экз.
_a5-01-001244-8
035 _a(NLR Aleph) 009476453
090 _a8559839
_c8559839
100 _a20121126d1989 |||y0rusy50 ca
101 1 _aspa
_crus
102 _aRU
105 _ay z |||||
200 1 _aConspiración contra Delgado
_eHistoria de una operación de la CIA y la PIDE
_fO. Ignátiev
_g[Trad. del ruso por Lev Vládov]
210 _aM.
_cProgreso
_d1989
215 _a387 с.
_d16 см
300 _aНа обороте тит. л.: Заговор против Делгадо : История одной операции ЦРУ и ПИДЕ / Олег Игнатьев
620 _aМосква
686 _aТ3(4Пр)62-49
_2rubbk
686 _aТ3(7СШа)63-671
_2rubbk
700 1 _9z01790
_aIgnat'ev
_bO. K.
_f1924-
_gOleg Konstantinovič
790 1 _9z01700
_aIgnátiev
_bO.
_4070
801 1 _aRU
_bNLR
_c20121126
801 0 _aRU
_bINFOCOMM
_gPSBO
852 _aNLR
_jИ25 Д-1/421
942 _cBOOK
980 _aNB